Situación actual del ingeniero mecánico graduado de la U.C.R. en el sector privado
Αποθηκεύτηκε σε:
| Κύριος συγγραφέας: | |
|---|---|
| Μορφή: | Βιβλίο |
| Έκδοση: |
San José, Costa Rica
1991
|
| Θέματα: | |
| Ετικέτες: |
Προσθήκη ετικέτας
Δεν υπάρχουν, Καταχωρήστε ετικέτα πρώτοι!
|
MARC
| LEADER | 00000nam a2200000Ia 4500 | ||
|---|---|---|---|
| 003 | 005132 | ||
| 005 | 20221231144329.0 | ||
| 008 | 140114s1991 cr a m 000 ||s d | ||
| 040 | |c cru CEDI | ||
| 090 | |a TFG 2439 | ||
| 100 | |a Jackson Quirós, Herbert |9 12842 | ||
| 245 | |a Situación actual del ingeniero mecánico graduado de la U.C.R. en el sector privado | ||
| 260 | |c 1991 |a San José, Costa Rica | ||
| 300 | |a xiii 163 hojas ; 28 cm. | ||
| 500 | |a Tesis (licenciatura en ingenieria mecanica)--Universidad de Costa Rica. Facultad de Ingeniería. Escuela de Ingenieria Mecanica | ||
| 650 | |x PERFILES PROFESIONALES |x INGENIEROS MECANICOS - COSTA RICA |9 12843 | ||
| 942 | |c TFG | ||
| 999 | |c 20270 |d 20270 | ||
